Využitie interných zdrojov tepla na predsúšanie biomasy v MONDI SCP

Salvato in:
Dettagli Bibliografici
Autore principale: Jelínková, Iveta (Autore)
Altri autori: Mierka, Otto (Relatore della tesi)
Natura: Manoscritto Libro
Lingua:slovacco
Pubblicazione: 2016
Soggetti:
Accesso online:http://is.stuba.sk/zp/portal_zp.pl?podrobnosti=120752
Tags: Aggiungi Tag
Nessun Tag, puoi essere il primo ad aggiungerne!!

MARC

LEADER 00000ntm a22000003a 4500
001 stuzp58465
003 SK-STU
005 20160719155555.9
007 ta
008 150427s2015----xo-----f-mn---000-0-slo-d
040 |a STU  |b slo 
041 0 |a slo 
100 1 |a Jelínková, Iveta  |u 046230  |4 aut  |U FCHPT Ústav chemického a environmentálneho inžinierstva  |T FCHPT Oddelenie chemického a biochemického inžinierstva  |X 43119  |U C6230  |Y 119  |7 43119 
242 0 1 |a Utilisation of Internal Heat Sources for Biomass Predrying in MONDI SCP  |y eng 
245 1 0 |a Využitie interných zdrojov tepla na predsúšanie biomasy v MONDI SCP 
260 |c 2016 
650 4 |a kôra  |2 slo 
650 4 |a sušenie  |2 slo 
650 4 |a kinetika sušenia  |2 slo 
650 4 |a spalné teplo  |2 slo 
650 4 |a vlastnosti vlhkého vzduchu  |2 slo 
650 4 |a kinetics of drying  |2 eng 
650 4 |a combustion heat  |2 eng 
650 4 |a properties of moist air  |2 eng 
650 4 |a bark  |2 eng 
650 4 |a drying  |2 eng 
700 1 |a Mierka, Otto  |u 046230  |k Z1  |4 ths  |U FCHPT Ústav chemického a environmentálneho inžinierstva  |T FCHPT Oddelenie chemického a biochemického inžinierstva  |X 3311  |U C6230  |Y 119  |7 A000003311 
856 4 |u http://is.stuba.sk/zp/portal_zp.pl?podrobnosti=120752 
SQL |a stuzp58465  |b DDP  |c SLO  |d Využitie interných zdrojov tepla na predsúšanie biomasy v MONDI SCP  |e 43119  |f Jelínková, Iveta  |g 046230  |h 3311  |i Mierka, Otto  |j 20160607  |k 115  |l 04  |m http://is.stuba.sk/zp/portal_zp.pl?podrobnosti=120752  |n I-CHEI  |o 5.2.17. chemické inžinierstvo